Lego Pirates of the Caribbean Story Mode Characters - Statistics

General Stats
  • This quiz has been taken 33 times
  • The average score is 33 of 52
Answer Stats
First level Answer % Correct
Port Royal Captain Jack Sparrow
100%
The Black Pearl Attacks Jack Sparrow (Waistcoat)
100%
Singapore Captain Barbossa
95%
The Brethren Court Captain Elizabeth
95%
Norrington's Choice Captain Elizabeth (Robes)
95%
Singapore Elizabeth (Pirate)
95%
Isla de Muerta Elizabeth (Redcoat)
95%
The Black Pearl Attacks Elizabeth Swann
95%
Isla Cruces Elizabeth (Trader)
95%
Smuggler's Den Elizabeth (Undergarments)
95%
Pelegosto Jack Sparrow (Chief)
95%
Tortuga Mr Gibbs
95%
A Spanish Legacy Privateer Barbossa
95%
Port Royal Will Turner
95%
Davy Jones' Key (handheld) Will Turner (Pirate)
95%
Tortuga Cotton
84%
Whitecap Bay Angelica
79%
London (handheld) Angelica (Disguise)
79%
The Dutchman's Secret Bootstrap Bill Turner
79%
Norrington's Choice James Norrington
79%
Tortuga Marty
79%
The Fountain of Youth (handheld) Blackbeard
74%
Port Royal Guard Dog
74%
Escape the Dutchman (handheld) Norrington (Admiral)
74%
Isla Cruces Norrington (Disgraced)
74%
Tortuga Anamaria
68%
A Touch of Destiny Pintel
68%
A Touch of Destiny Ragetti
68%
Singapore Sao Feng
68%
Singapore Tia Dalma
68%
Singapore (handheld) Tia Dalma (Singapore)
68%
Port Royal Mr Brown
53%
Queen Anne's Revenge (handheld) Philip Swift
53%
Shipwreck Cove (handheld) Mistress Ching
47%
Fountain of Youth Syrena
42%
Singapore Tai Huang
42%
Norrington's Choice Mullroy
37%
Escape the Dutchman (handheld) Mullroy (E.I.T.C)
37%
Norrington's Choice Murtogg
37%
Escape the Dutchman (handheld) Murtogg (E.I.T.C)
37%
London Town Scrum
37%
Shipwreck Cove (handheld) Ammand the Corsair
32%
Shipwreck Cove (handheld) Capitaine Chevalle
32%
Queen Anne's Revenge Cook
32%
Queen Anne's Revenge Garheng
32%
Singapore Tattoo Pirate
32%
Shipwreck Cove (handheld) Eduardo Villanueva
26%
Queen Anne's Revenge Salaman
26%
White Cap Bay (handheld) Ezekiel
21%
Davy Jones' Locker Imaginary Jack (Bomb)
16%
Davy Jones' Locker Imaginary Jack (Pistol)
16%
Davy Jones' Locker Imaginary Jack (Spade)
16%
No matching quizzes found
Score Distribution
Percent of People with Each Score
Percentile by Number Answered
Your Score History
You have not taken this quiz